| 000 | 00924cam a2200301 i 4500 | ||
|---|---|---|---|
| 003 | DO-SdBNP | ||
| 005 | 20250220133129.0 | ||
| 007 | ta | ||
| 008 | 250220s19uu dr 000 f spa d | ||
| 040 |
_aDO-SdBNP _bspa _cBNPHU _erda |
||
| 082 |
_aM863.44 _bR935p _222 |
||
| 100 | 1 |
_aRulfo, Juan, _d1917-1986 _922675 _eautor _4aut. |
|
| 245 | 1 | 0 |
_aPedro Páramo / _cJuan Rulfo. |
| 264 |
_a[República Dominicana] : _b[editor no identificado], _c[19--]. |
||
| 300 |
_a128 páginas _c18 cm. |
||
| 336 |
_atexto _btxt _2rdacontent |
||
| 337 |
_asin mediación _bn _2rdamedia |
||
| 338 |
_avolumen _bnc _2rdacarrier |
||
| 590 | _aInventariado, 2025/ YL | ||
| 650 | 4 |
_aNovela mexicana _93959 |
|
| 650 | 4 |
_aLiteratura mexicana _91922 |
|
| 650 | 4 |
_aViolencia _xNovela _922676 |
|
| 650 | 4 |
_aDolor _xNovela _922677 |
|
| 650 | 4 |
_aCampesinos _zMéxico _xNovela _922678 |
|
| 830 | 0 |
_aPopular _913374 |
|
| 910 | _aYLockward | ||
| 942 |
_2ddc _cLBS1 |
||
| 999 |
_c58156 _d58156 |
||